مكتبة جامعة عجلون الوطنية

فهرس بحث المكتبة

Normal view MARC view
  • الضبط القضائي -- قوانين وتشريعات -- المسؤلية الجنائية -- التفتيش القضائي -- الضبط القضائي -- قوانين وتشريعات -- العالم العربي

Entry Topical Term

Number of records used in: 1

001 - CONTROL NUMBER

  • control field: 25039

003 - CONTROL NUMBER IDENTIFIER

  • control field: JO-AjAnu

005 - DATE AND TIME OF LATEST TRANSACTION

  • control field: 20230606074302.0

008 - FIXED-LENGTH DATA ELEMENTS

  • fixed length control field: 230606|| aca||aabn | a|a d

040 ## - CATALOGING SOURCE

  • Original cataloging agency: JO-AjAnu
  • Transcribing agency: JO-AjAnu

150 ## - HEADING--TOPICAL TERM

  • Topical term or geographic name entry element: الضبط القضائي -- قوانين وتشريعات -- المسؤلية الجنائية -- التفتيش القضائي -- الضبط القضائي -- قوانين وتشريعات -- العالم العربي

670 ## - SOURCE DATA FOUND

  • Source citation: Work cat.: (JO-AjAnu)12881: العكايلة ، عبدالله ماجد , author 25038, الوجيز في الضبطية القضائية : دراسة تحليلية تأصيلية نقدية مقارنة في القوانين العربية والأجنبية